书目信息 |
| 书名: | Contemporary europe a history | |
| 作者: | James Wilkinson. | |
| 分册号: | ||
| 分册名: | 出版地: | Englewood Cliffs : |
|
| 出版社: | Prentice Hall | |
| 出版时间: | 1995. | |
| 页数: | 626 p. ; | |
| 开本: | 26cm. | |
| 丛书名: | ||
| 中图分类号: | ||
| 科图分类号: | ||
| 其他分类号: | K505 | |
| 主题词: | ||
| 电子资源: | ||
| 000 | 00417nam 2200157 a 4500 | |
| 001 | E0229520845 | |
| 005 | 2002052108120074 | |
| 008 | 020521s1995 00010 eng | |
| 020 | @a0-13-291840-4. | |
| 040 | @aPFT@beng | |
| 090 | @aK505 | |
| 099 | @dK505@eW686 | |
| 245 | @aContemporary europe a history / @cJames Wilkinson. | |
| 250 | @a8th ed. | |
| 260 | @aEnglewood Cliffs :@bPrentice Hall,@c1995. | |
| 300 | @a626 p. ;@c26cm. | |
| Contemporary europe a history / / James Wilkinson.-8th ed.-Englewood Cliffs : : Prentice Hall, , 1995. |
| 626 p. ; ; 26cm. |
| ISBN 0-13-291840-4. |
| ● |
| 相关链接 |
|
|
|
正题名:Contemporary europe a history
索取号:K505/W686
 
预约/预借
| 序号 | 登录号 | 条形码 | 馆藏地/架位号 | 状态 | 备注 |
| 1 | 03795 | 300037957 | 社科库309/309社科库 994排1列2层/ [索取号:K505/W686] | 在馆 | |
| 2 | 03796 | 300037966 | 社科库309/309社科库 994排1列2层/ [索取号:K505/W686] | 在馆 | |
| 3 | 03860 | 300038607 | 社科库309/309社科库 994排1列2层/ [索取号:K505/W686] | 在馆 | |
| 4 | 03861 | 300038616 | 社科库309/309社科库 994排1列2层/ [索取号:K505/W686] | 在馆 | |
| 5 | 03862 | 300038625 | 社科库309/309社科库 994排1列2层/ [索取号:K505/W686] | 在馆 | |
| 6 | 04203 | 300042031 | 社科库309/309社科库 994排1列2层/ [索取号:K505/W686] | 在馆 |